Arrendamiento y vivienda popular en Colombia como alternativa habitacional (Registro nro. 167889)
[ vista simple ]
| 000 -ENCABEZADO | |
|---|---|
| Número de control [NR] | 00902cam a2200205 a 4500 |
| 008 - DE LONGITUD FIJA DE DATOS DE ELEMENTOS - INFORMACIÓN GENERAL | |
| Elementos de longitud fija [NR] | 130902s2010 ck d frn 001 0dspa d |
| 020 ## - NUMERO INTERNACIONAL NORMALIZADO PARA LIBROS [R] | |
| Número Internacional Normalizado del libro [NR] | 9789586955386 |
| 040 ## - FUENTE DE CATALOGACION [NR] | |
| Agencia de catalogación original [NR] | CO-BoUCM |
| Idioma de catalogación [NR] | spa |
| Quien Cataloga | |
| Quien Clasifica | Aldemar Mondragón |
| 041 00 - CODIGO DE IDIOMA [R] | |
| Código de idioma para texto/pista de sonido o título separado [R] | Español |
| 245 00 - MENCION DE TITULO [NR] | |
| Título [NR] | Arrendamiento y vivienda popular en Colombia como alternativa habitacional |
| Mención de responsabilidad, etc. [NR] | Mesa VIS-Diego Echeverry Campos ; compiladora, Clemencia Escallón Gartner] |
| 260 ## - PUBLICACION, DISTRIBUCION, ETC. (PIE DE IMPRENTA) [R] | |
| Lugar de publicación, distribución, etc. [R] | Bogotá |
| Nombre del editor, distribuidor, etc. [R] | Universidad de Los Andes, Departamento de Arquitectura |
| -- | Alcaldía Mayor de Bogotá |
| Fecha de publicación, distribución, etc. [R] | 2010 |
| 300 ## - DESCRIPCION FISICA [R] | |
| Otros detalles físicos [NR] | mapas, graficos, tablas |
| Extensión [R] | 233 páginas |
| 650 #7 - ASIENTO SECUNDARIO DE MATERIA - TERMINO TEMATICO [R] | |
| Término temático o nombre geográfico como elemento de entrada [NR] | Arrendamientos |
| 9 (RLIN) | 7297 |
| 650 #7 - ASIENTO SECUNDARIO DE MATERIA - TERMINO TEMATICO [R] | |
| Término temático o nombre geográfico como elemento de entrada [NR] | Subsidios de vivienda |
| Subdivisión geográfica [R] | Colombia |
| 9 (RLIN) | 44050 |
| 650 #7 - ASIENTO SECUNDARIO DE MATERIA - TERMINO TEMATICO [R] | |
| Término temático o nombre geográfico como elemento de entrada [NR] | Vivienda popular |
| Subdivisión geográfica [R] | Colombia |
| 9 (RLIN) | 44049 |
| 690 ## - ASUNTO AGREGADO LOCAL DE ENTRADA - TÉRMINO TEMÁTICO (OCLC, RLIN) | |
| Acceso temático local | Sociología |
| 700 1# - ASIENTO SECUNDARIO - NOMBRE PERSONAL [R] | |
| Nombre personal [NR] | Escallón Gartner, Clemencia. |
| Término de relación [R] | compilador |
| 9 (RLIN) | 44051 |
| 942 ## - ELEMENTOS DE ENTRADA AGREGADOS (KOHA) | |
| Tipo de ítem principal el descrito en 300a | Libro |
| Edición | 1 |
| Tema principal | Sociología |
| Parte restante de la signatura top. | A774 |
| Sistema de clasificación | DEWEY |
| Clasificación | 363.509861 |
| Total préstamos | Signatura topográfica | Código de barras | Última vez visto | Ejemplar | Costo de reposición | Price effective from | Tipo de ítem | Perdido | Sistema de clasificación | Dañado | No prestable | Tipo de ítem específico | Suprimido | Ubicación habitual | Ubicación actual | Localización | Fecha de creación | Proveedor | Forma de adquisición | Costo |
|---|---|---|---|---|---|---|---|---|---|---|---|---|---|---|---|---|---|---|---|---|
| 363.509861 A774 | 100135751 | 05/12/2025 | Ej.1 | 32000.00 | 09/08/2013 | Libro | DEWEY | Libro | Claustro | Claustro | 2do piso | 09/08/2013 | 24 | Compra | 32000.00 |